Statistics for Highest-Grossing Films of 2022

Click here to take the quiz!

General Stats

  • This quiz has been taken 29 times
  • The average score is 5 of 10

Answer Stats

RankDirector(s)ActorGrossAnswer% Correct
2Joseph KosinskiTom Cruise$1,488,732,821Top Gun: Maverick
85%
1James CameronSam Worthington$1,558,195,379Avatar: The Way of Water
74%
8Taika WaititiChris Hemsworth$760,928,081Thor: Love and Thunder
70%
7Matt ReevesRobert Pattinson$770,836,163The Batman
67%
4Sam RaimiBenedict Cumberbatch$955,775,804Doctor Strange in the Multiverse of Madness
59%
3Colin TrevorrowChris Pratt$1,003,674,010Jurassic World: Dominion
48%
5Kyle BaldaSteve Carell$939,628,210Minions: The Rise of Gru
48%
6Ryan CooglerLetitia Wright$824,776,321Black Panther: Wakanda Forever
44%
10Zhang ChiyuShen Teng$460,237,662Moon Man
4%
9Chen Kaige, Tsui Hark, Dante LamWu Jing$626,571,697The Battle at Lake Changjin II
4%

Score Distribution

Percentile by Number Answered

Percent of People with Each Score

Your Score History

You have not taken this quiz